Ralph Waldo Emerson /

Bibliographic Details
Main Author: Woodberry, George Edward, 1855-1930
Format: Book
Language:English
Published: New York [etc.] : The Macmillan company, 1907.
Series:English men of letters.
Subjects:

MARC

Tag First Indicator Second Indicator Subfields
LEADER 00000cam a2200000 4500
001 in00000032848
005 20151007063236.0
008 780511s1907 nyu 00010 engm
010 |a  07003927  
035 |a (OCoLC)03886860 
035 |9 AAD6893AM 
040 |a DLC  |c TJC  |d TXA  |d UtOrBLW 
049 |a TXAM  |c 1 [2926]  |c 2 [170710] 
050 0 0 |a PS1631  |b .W6 
092 |a 814  |b E53Yw 
100 1 |a Woodberry, George Edward,  |d 1855-1930. 
245 1 0 |a Ralph Waldo Emerson /  |c by George Edward Woodberry. 
264 1 |a New York [etc.] :  |b The Macmillan company,  |c 1907. 
300 |a vii, 205 pages ;  |c 20 cm. 
336 |a text  |b txt  |2 rdacontent 
337 |a unmediated  |b n  |2 rdamedia 
338 |a volume  |b nc  |2 rdacarrier 
490 1 |a English men of letters 
600 1 0 |a Emerson, Ralph Waldo,  |d 1803-1882. 
830 0 |a English men of letters. 
999 |a MARS 
999 f f |s 7d534049-1c51-3070-8b71-bd4832a37cdc  |i 24411b9c-e991-3310-8512-695ff91e97ab  |t 0 
952 f f |p ric  |a Texas A&M University  |b Rellis Campus  |c Joint Library Facility  |d Remote Storage  |t 0  |e PS1631 .W6  |h Library of Congress classification  |i unmediated -- volume  |m A14801257940 
998 f f |a PS1631 .W6  |t 0  |l Remote Storage